Study on gelatinzation temperature and coocked rice expansion of some rice varieties ការសិក្សាទៅលើសីតុណ្ហាភាពអន្ធិលកម្ម និងភាពរីកនៃសាច់គ្រាប់អង្កទៅលើពូជស្រូវមួយចំនួន (Record no. 685)

000 -LEADER
fixed length control field 00683nam a22001577a 4500
003 - CONTROL NUMBER IDENTIFIER
control field OSt
005 - DATE AND TIME OF LATEST TRANSACTION
control field 20150917165630.0
008 - FIXED-LENGTH DATA ELEMENTS--GENERAL INFORMATION
fixed length control field 150917b xxu||||| |||| 00| 0 eng d
040 ## - CATALOGING SOURCE
Transcribing agency RUA
082 ## - DEWEY DECIMAL CLASSIFICATION NUMBER
Classification number AGR SIP 2001 B026 Or.1
100 ## - MAIN ENTRY--PERSONAL NAME
9 (RLIN) 712
Personal name SIP, PAGNASOLEY.
245 ## - TITLE STATEMENT
Title Study on gelatinzation temperature and coocked rice expansion of some rice varieties ការសិក្សាទៅលើសីតុណ្ហាភាពអន្ធិលកម្ម និងភាពរីកនៃសាច់គ្រាប់អង្កទៅលើពូជស្រូវមួយចំនួន
260 ## - PUBLICATION, DISTRIBUTION, ETC. (IMPRINT)
Place of publication, distribution, etc. Phnom Penh
Name of publisher, distributor, etc. RUA
Date of publication, distribution, etc. 2001
300 ## - PHYSICAL DESCRIPTION
Extent 52p.
Other physical details ill.
Dimensions 29cm.
942 ## - ADDED ENTRY ELEMENTS (KOHA)
Source of classification or shelving scheme
Koha item type AGR
Holdings
Price effective from Date last seen Permanent Location Not for loan Date acquired Source of classification or shelving scheme Koha item type Barcode Lost status Damaged status Withdrawn status Current Location Full call number
2015-09-172015-09-17Library Block B 2015-09-17 AGRRUA002802   Library Block BAGR SIP 2001 B026 Or.1
2015-09-172015-09-17Library Block B 2015-09-17 AGRRUA002595   Library Block BAGR SIP 2001 B026 Or.2
2015-09-172015-09-17Library Block B 2015-09-17 AGRRUA002523   Library Block BAGR SIP 2001 B026 Or.3
2015-11-052015-11-05Library Block B 2015-11-05 AGRRUA037111   Library Block BAGR SIP 2001 B026 Or.4
2015-11-062015-11-06Library Block B 2015-11-06 AGRRUA035340   Library Block BAGR SIP 2001 B026 Or.5
មជ្ឈមណ្ឌលឯការនៃសាកលវិទ្យាល័យភូមិន្ទកសិកម្មចំការដូង

Powered by Koha